Investovanie do vzdelávania ako predpoklad formovania znalostnej ekonomiky (prístupy, tendencie, komparácia) habilitačná práca

Uložené v:
Podrobná bibliografia
Hlavný autor: Dudová, Iveta
Korporativný autor: Národohospodárska fakulta EU. Katedra sociálneho rozvoja a práce
Médium: Kniha
Jazyk:Slovak
Vydavateľské údaje: Bratislava 2005
Predmet:
Tagy: Pridať tag
Žiadne tagy, Buďte prvý, kto otaguje tento záznam!

MARC

LEADER 00000nam$a2200000$$$4500
001 0054978
005 20240104134452.8
041 0 |a slo 
044 |a SK 
245 1 0 |a Investovanie do vzdelávania ako predpoklad formovania znalostnej ekonomiky (prístupy, tendencie, komparácia)  |b habilitačná práca  |c Iveta Dudová 
264 1 |a Bratislava  |c 2005 
300 |a 140 s. 
610 2 0 |a investície 
610 2 0 |a kapitál ľudský 
610 2 0 |a kapitál sociálny 
610 2 0 |a rast hospodársky 
610 2 0 |a vzdelávanie 
610 2 0 |a trh práce 
100 1 |a Dudová, Iveta 
710 2 |a Národohospodárska fakulta EU. Katedra sociálneho rozvoja a práce